000 00375 a2200121 4500
001 ART_2079
005 20260410161722.0
008 260409a
245 1 0 _aRecursos de computación en la Argentina
100 1 _aTesoro, José Luis
700 1 _aSaroka, Raúl Horacio
773 0 _tAdministración de empresas
_g- Año XVII, Nº 202 (ene. 1987)
_wREV2036
999 _c17096
_d17096